Las categora̕s del derecho civil

Detalles Bibliográficos
Autor principal: Lipari, Nicoḷ
Formato: eBook
Lenguaje:español
Publicado: Madrid: Dykinson, 2016
Materias:
Acceso en línea:Acceso restringido

MARC

LEADER 00000nam a22000007a 4500
005 20170207220056.0
007 cr|||| ||||
008 170207s2016 es |||||s|||| 00||0 spa d
020 |a 978-84-9085-910-0 
035 |a 14659 
040 |a vLex 
090 |c 6526  |d 6526 
100 1 |a Lipari, Nicoḷ 
245 1 3 |a Las categora̕s del derecho civil  |h [Recurso electrn̤ico] /  |c Nicol ̣Lipari 
256 |a Servicio en ln̕ea 
260 |a Madrid:  |b Dykinson,  |c 2016 
300 |a 1 recurso electrn̤ico 
500 |a El examen a la luz de la normativa –constitucional, comunitaria e interna– actualmente en vigor y de la evolucin̤ jurisprudencial relativa a las categora̕s que tradicionalmente se han considerado como las referencias bs̀icas del derecho civil –subjetividad jurd̕ica, familia, bienes, contrato y responsabilidad– lleva a afirmar al autor de la pequeą pero profunda obra traducida a la doble conclusin̤, por una parte, de apreciar la actual quiebra, cuando no disolucin̤, de las cls̀icas categora̕s civils̕ticas y, por otra parte, de afirmar que en la actualidad las categora̕s del derecho civil ya no pueden ser acogidas desde arriba o como puntos de partida a priori sino desde abajo y como puntos de llegada como resultado a posteriori del proceso interpretativo. Particularmente evidentes resultan ser estas consideraciones si se observa la quiebra de la apreciacin̤ de la familia por el derecho, que ahora tiene en cuenta la proliferacin̤ de diferentes tipos de la misma –basada en el matrimonio, constituida por la convivencia more uxorio, heterosexual u homosexual, etc.– y la quiebra de la concepcin̤ unitaria del contrato, que ahora se diversifica –primer, segundo y tercer contrato, contrato asimťrico, etc.– en funcin̤ de la situacin̤ de las personas de los sujetos que intervienen en la convencin̤. No deja de seąlar el autor las resistencias de diferente significacin̤ que –por razones doctrinales de respeto a los planteamientos tradicionales, por el prestigio de los mismos, por la utilidad prc̀tica que su utilizacin̤ reporta o por inercia o pereza intelectual– han de encontrar sus planteamientos, pero no cabe duda de que esta destacada monografa̕ supone una reflexin̤ indicativa del signo de la evolucin̤ que experimentan en el presente las categora̕s bs̀icas e incluso el sistema del derecho civil. 
506 1 |a Disponible solo en los productos indicados  |d vLex Global  |d vLex Global (Academic Edition, excluding Law Schools)  |d vLex Global (U.S. Academic Edition, Law Schools)  |d vLex Global (U.S. Academic Edition, excluding Law Schools)  |d vLex Global (Academic Edition, Law Schools) 
650 0 4 |a Derecho Civil  |z Espaą 
740 0 |a vLex Libros (Servicio en ln̕ea) 
856 4 0 |u http://vlex.com/source/categorias-del-derecho-civil-14659  |z Acceso restringido 
942 |c BOOK 
999 0 |a Civil Law